[Event "Ontario-ch U20"]
[Site "Ottawa CAN"]
[Date "1996.10.20"]
[Round "4"]
[White "Heringer, Chris"]
[Black "Allen, Graham"]
[Result "1-0"]
[WhiteElo "2043"]
[BlackElo "2097"]
[PlyCount "72"]
[EventDate "1996.10.19"]
[EventType "tourn"]
[EventRounds "5"]
[EventCountry "CAN"]

1. d4 Nf6 2. c4 g6 3. Nc3 Bg7 4. e4 d6 5. Be2 O-O 6. Bg5 h6 7. Be3 Kh7 8. h4 e5
9. d5 c6 10. h5 g5 11. f3 cxd5 12. cxd5 b6 13. Qa4 Bb7 14. Qa3 Qe7 15. g4 Rc8
16. Nh3 Nbd7 17. O-O a6 18. Nf2 b5 19. Rfc1 Rc7 20. Nh1 Bf8 21. Ng3 Ne8 22. b4
Rac8 23. Qb3 Ng7 24. Bd3 Rb8 25. a4 bxa4 26. Nxa4 Rxc1+ 27. Rxc1 Qd8 28. Kf2
Rc8 29. Ne2 Rxc1 30. Nxc1 Ne8 31. Qc2 Be7 32. Nb3 Nc7 33. Na5 Ba8 34. Nb6 Nb5
35. Nxa8 Qxa8 36. Bxb5 axb5 1-0

[Event "Ontario-ch U20"]
[Site "Ottawa CAN"]
[Date "1996.10.20"]
[Round "5"]
[White "Allen, Graham"]
[Black "Marshall, Peter"]
[Result "0-1"]
[WhiteElo "2097"]
[BlackElo "2228"]
[PlyCount "50"]
[EventDate "1996.10.19"]
[EventType "tourn"]
[EventRounds "5"]
[EventCountry "CAN"]

1. d4 Nf6 2. c4 e6 3. Nc3 Bb4 4. Nf3 b6 5. e3 Bb7 6. Bd3 O-O 7. O-O d5 8. a3
Bd6 9. Nd2 Nbd7 10. b4 c5 11. bxc5 bxc5 12. Rb1 Bc6 13. cxd5 exd5 14. Bb5 Rc8
15. Bxc6 Rxc6 16. Qf3 cxd4 17. Nxd5 Nxd5 18. Qxd5 Bxh2+ 19. Kh1 Rh6 20. Nf3
Bc7+ 21. Kg1 Ne5 22. Qb7 Nxf3+ 23. Qxf3 Bh2+ 24. Kh1 Bg3+ 25. Kg1 Rh1+ 0-1

[Event "Ontario-ch U20"]
[Site "Ottawa CAN"]
[Date "1996.10.20"]
[Round "5"]
[White "Kirby, Patrick"]
[Black "Heringer, Chris"]
[Result "0-1"]
[WhiteElo "1936"]
[BlackElo "2099"]
[PlyCount "62"]
[EventDate "1996.10.19"]
[EventType "tourn"]
[EventRounds "5"]
[EventCountry "CAN"]

1. e4 c6 2. d4 d5 3. exd5 cxd5 4. c4 Nf6 5. Nc3 Nc6 6. Nf3 e6 7. Bg5 Bb4 8.
cxd5 exd5 9. Be2 O-O 10. O-O Be7 11. a3 h6 12. Bh4 Be6 13. Rc1 Re8 14. Re1 g5
15. Bg3 Ne4 16. Ne5 Nxg3 17. hxg3 Nxe5 18. dxe5 Qa5 19. Bf3 Red8 20. Re2 g4 21.
Bxd5 Bxd5 22. Qc2 Be6 23. f4 Bc4 24. Qf5 Bxe2 25. Nxe2 Qb6+ 26. Kh2 Qe6 27. Qb1
Rd2 28. f5 Qxe5 29. Nf4 Bg5 30. Re1 Qxb2 31. Qe4 Bxf4 0-1

[Event "Ottawa"]
[Site "Ottawa CAN"]
[Date "1996.??.??"]
[Round "?"]
[White "Winterton, Ken"]
[Black "Langer, Herb"]
[Result "1-0"]
[WhiteElo "2100"]
[BlackElo "1900"]
[PlyCount "115"]
[EventDate "1996.??.??"]
[EventRounds "5"]
[EventCountry "CAN"]

1. d4 Nf6 2. Bg5 Ne4 3. Bh4 g5 4. Qd3 d5 5. f3 gxh4 6. fxe4 Nc6 7. e5 e6 8. e3
Bd7 9. Be2 Qg5 10. Kf2 Nb4 11. Qd2 Qf5+ 12. Nf3 Qxc2 13. a3 Qxd2 14. Nbxd2 Nc6
15. Nxh4 Be7 16. Nhf3 O-O-O 17. b4 a6 18. Nb3 Na7 19. Nc5 Bb5 20. a4 Bxe2 21.
Kxe2 Bxc5 22. bxc5 Rdg8 23. g3 h6 24. Rab1 b5 25. cxb6 Nc6 26. Rhc1 Kd7 27.
bxc7 Kxc7 28. Nd2 Rb8 29. Nb3 Rb4 30. Nc5 Kb6 31. Nd7+ Kb7 32. Rxb4+ Nxb4 33.
a5 Rc8 34. Nc5+ Ka7 35. Rb1 Rb8 36. Nd7 Rb5 37. Nb6 Nc6 38. Nc8+ Kb8 39. Rxb5+
axb5 40. Nd6 b4 41. Nxf7 h5 42. Ng5 Nd8 43. Kd2 Kb7 44. Kc2 Ka6 45. Kb3 Kxa5
46. h3 Kb5 47. g4 hxg4 48. hxg4 Kc6 49. Kxb4 Kd7 50. Kc3 Ke7 51. e4 dxe4 52.
Nxe4 Kf7 53. Kc4 Ke7 54. Kc5 Nb7+ 55. Kb6 Nd8 56. Kc7 Nf7 57. Kc6 Ke8 58. Nd6+
1-0

[Event "Ottawa Closed reserves 1996-97"]
[Site "Ottawa CAN"]
[Date "1996.11.18"]
[Round "1"]
[White "Pacey, Kevin"]
[Black "Winterton, Ken"]
[Result "1-0"]
[WhiteElo "2248"]
[BlackElo "2107"]
[PlyCount "81"]
[EventDate "1996.11.18"]
[EventType "tourn"]
[EventRounds "12"]
[EventCountry "CAN"]

1. e4 e5 2. Bc4 Nf6 3. d3 d6 4. f4 Bg4 5. Nf3 Nc6 6. c3 exf4 7. Bxf4 Bxf3 8.
Qxf3 Ne5 9. Bxe5 dxe5 10. d4 Qe7 11. Nd2 exd4 12. cxd4 c6 13. O-O O-O-O 14.
Qf5+ Kb8 15. Qf4+ Ka8 16. e5 Nd5 17. Bxd5 Rxd5 18. Nb3 Qd8 19. Qxf7 Rd7 20. Qe6
Bb4 21. Rf7 Rxf7 22. Qxf7 Qd5 23. Rf1 a5 24. a4 Rf8 25. Qxd5 Rxf1+ 26. Kxf1
cxd5 27. Nc5 Kb8 28. Ne6 Bd2 29. Nxg7 Kc8 30. Ke2 Bc1 31. b3 Kd7 32. g4 Ke7 33.
Nf5+ Ke6 34. Nd6 b6 35. Ne8 Bf4 36. Nc7+ Kd7 37. Nxd5 Bxh2 38. Nxb6+ Kc6 39.
Nc4 Kd5 40. Kd3 Bg1 41. Ne3+ 1-0

[Event "Ottawa Closed reserves 1996-97"]
[Site "Ottawa CAN"]
[Date "1996.12.01"]
[Round "3"]
[White "Allen, Graham"]
[Black "Pacey, Kevin"]
[Result "1-0"]
[WhiteElo "2097"]
[BlackElo "2248"]
[PlyCount "139"]
[EventDate "1996.11.18"]
[EventType "tourn"]
[EventRounds "12"]
[EventCountry "CAN"]

1. d4 Nc6 2. d5 Ne5 3. f4 Ng6 4. e4 e6 5. Bc4 Nf6 6. dxe6 fxe6 7. e5 Ne4 8. Qf3
Nc5 9. Nc3 Nxe5 10. fxe5 Qh4+ 11. g3 Qxc4 12. Nge2 Be7 13. Rf1 Kd8 14. Qh5 h6
15. Rf4 Qa6 16. b4 g5 17. Rd4 Qc6 18. bxc5 Qh1+ 19. Kd2 Bxc5 20. Bb2 Qg2 21.
Rd3 b6 22. Qf3 Qxf3 23. Rxf3 Bb7 24. Rf7 Ke8 25. Rff1 Bg2 26. Rf6 Bc6 27. a4
Be7 28. Rff1 a5 29. Ba3 Bb4 30. Kd3 Ke7 31. Nd4 Bb7 32. Ncb5 Bxa3 33. Nxa3 Ba6+
34. c4 Raf8 35. Nab5 d5 36. exd6+ cxd6 37. Nc7 Bc8 38. Rxf8 Rxf8 39. Re1 e5 40.
Nd5+ Kd8 41. Nb5 Bg4 42. Nxd6 Rf2 43. Rxe5 Rxh2 44. Ne4 Rb2 45. Kc3 Rb1 46.
Nef6 Bd7 47. Ng8 Bxa4 48. Nxh6 g4 49. Re3 Rc1+ 50. Kd4 b5 51. Nb6 Rd1+ 52. Kc5
Rh1 53. Nxg4 Bd1 54. Rd3+ Ke8 55. Nf2 Rh5+ 56. Nd5 bxc4 57. Rxd1 c3 58. Rc1 Rh2
59. Ng4 Rg2 60. Rxc3 Kf7 61. Ne5+ Kg7 62. Kb5 Ra2 63. Nc4 a4 64. Ndb6 Kg6 65.
Nxa4 Kg5 66. Ne5 Kf5 67. Re3 Ra1 68. Nb6 Ra7 69. Kc5 Ra5+ 70. Kd4 1-0

[Event "Ottawa Closed reserves 1996-97"]
[Site "Ottawa CAN"]
[Date "1996.12.08"]
[Round "4"]
[White "Pacey, Kevin"]
[Black "Armstrong, John"]
[Result "0-1"]
[WhiteElo "2248"]
[BlackElo "2230"]
[PlyCount "58"]
[EventDate "1996.11.18"]
[EventType "tourn"]
[EventRounds "12"]
[EventCountry "CAN"]

1. Nf3 g6 2. d4 Bg7 3. e3 c5 4. c3 Nf6 5. Bd3 b6 6. O-O Bb7 7. Nbd2 O-O 8. Qe2
d6 9. a3 Nbd7 10. c4 Re8 11. d5 e6 12. dxe6 fxe6 13. Qd1 d5 14. Qc2 Qc7 15. Rb1
Re7 16. b3 Rf8 17. h3 Nh5 18. cxd5 exd5 19. Bb2 Ne5 20. Be2 d4 21. Nxe5 Bxe5
22. Qc4+ Kh8 23. Bxh5 gxh5 24. exd4 Rg7 25. d5 Bxb2 26. Rxb2 Qe5 27. Qc1 Rfg8
28. Kh1 Rxg2 29. f4 Bxd5 0-1

[Event "Ottawa Closed reserves 1996-97"]
[Site "Ottawa CAN"]
[Date "1996.12.16"]
[Round "5"]
[White "Groleau, Gilles"]
[Black "Pacey, Kevin"]
[Result "0-1"]
[WhiteElo "2187"]
[BlackElo "2248"]
[PlyCount "94"]
[EventDate "1996.11.18"]
[EventType "tourn"]
[EventRounds "12"]
[EventCountry "CAN"]

1. e4 e5 2. Nf3 Nc6 3. Bb5 a6 4. Ba4 Nf6 5. Qe2 b5 6. Bb3 Be7 7. a4 b4 8. a5
O-O 9. O-O d6 10. h3 Bb7 11. d3 Nb8 12. Nbd2 Nbd7 13. Nc4 Nc5 14. Nfd2 Nxb3 15.
Nxb3 d5 16. exd5 Qxd5 17. Ne3 Qd7 18. Nd2 Rfe8 19. Ndc4 Bc5 20. b3 Bd4 21. Bb2
Rad8 22. Rfd1 Nd5 23. Nxd5 Qxd5 24. Qf1 Re6 25. Kh2 Rg6 26. f3 Bxb2 27. Nxb2
Qd4 28. Nc4 Qf4+ 29. Kh1 Rg3 30. Nd2 f5 31. Qf2 Rd6 32. Ra4 Rdg6 33. Rg1 c5 34.
Raa1 Rh6 35. Rad1 Rgxh3+ 36. gxh3 Rxh3+ 37. Kg2 Rh2+ 38. Kf1 Rxf2+ 39. Kxf2 e4
40. dxe4 fxe4 41. Nxe4 Bxe4 42. Rd8+ Kf7 43. Rd7+ Ke6 44. Rgxg7 Qxf3+ 45. Kg1
Qe3+ 46. Kh2 Qf2+ 47. Kh3 Bf5+ 0-1

[Event "Ottawa Closed reserves 1996-97"]
[Site "Ottawa CAN"]
[Date "1996.12.22"]
[Round "6"]
[White "Pacey, Kevin"]
[Black "Hum, Peter"]
[Result "0-1"]
[WhiteElo "2248"]
[BlackElo "2216"]
[PlyCount "120"]
[EventDate "1996.11.18"]
[EventType "tourn"]
[EventRounds "12"]
[EventCountry "CAN"]

1. Nf3 Nf6 2. c4 g6 3. b4 Bg7 4. Bb2 O-O 5. e3 b6 6. Be2 c5 7. a3 d6 8. d3 Nbd7
9. O-O Bb7 10. Nbd2 e5 11. Qb1 Qe7 12. Rd1 Rfe8 13. Bf1 Rac8 14. h3 h6 15. Ne1
Nh7 16. Bc3 Nhf6 17. a4 d5 18. bxc5 Nxc5 19. a5 dxc4 20. Nxc4 Nd5 21. Bd2 b5
22. Na3 a6 23. e4 Nf4 24. Qb4 Red8 25. Rac1 Bf8 26. Be3 Nfe6 27. Nf3 Qf6 28.
Qb2 Na4 29. Qa1 Nd4 30. Nxd4 exd4 31. Rxc8 Bxc8 32. Nc2 Bc5 33. e5 Qxe5 34.
Bxh6 Kh7 35. Re1 Qf5 36. Ne3 Qh5 37. Bf4 dxe3 38. fxe3 Qf5 39. Bc7 Re8 40. d4
Bf8 41. Re2 Bh6 42. Qe1 Bb7 43. g4 Qd7 44. Be5 Kg8 45. Kh2 Bg7 46. Bf4 Bf8 47.
Qg3 Nc3 48. Rc2 Nd5 49. Be5 f6 50. e4 fxe5 51. exd5 Bd6 52. Qh4 Bxd5 53. Kg1
exd4 54. Qf6 Qe6 55. Qxd4 Qe3+ 56. Qxe3 Rxe3 57. Rd2 Re5 58. Bd3 Kg7 59. Kf1
Bb4 60. Rb2 Bxa5 0-1

[Event "Ottawa Closed reserves 1996-97"]
[Site "Ottawa CAN"]
[Date "1997.01.19"]
[Round "9"]
[White "Barclay, Wayne"]
[Black "Pacey, Kevin"]
[Result "1/2-1/2"]
[WhiteElo "2140"]
[BlackElo "2222"]
[PlyCount "118"]
[EventDate "1996.11.18"]
[EventType "tourn"]
[EventRounds "12"]
[EventCountry "CAN"]

1. d4 d6 2. c4 e5 3. Nf3 e4 4. Ng5 f5 5. f3 Be7 6. Nh3 Nf6 7. Nc3 O-O 8. Bg5 h6
9. Bxf6 Bxf6 10. e3 exf3 11. Qxf3 g5 12. Qh5 Bg7 13. Bd3 Qe7 14. Nd5 Qf7 15.
Qxf7+ Rxf7 16. Rf1 c6 17. Nc3 f4 18. exf4 Bxd4 19. fxg5 Rxf1+ 20. Bxf1 Bxh3 21.
gxh3 Bxc3+ 22. bxc3 Nd7 23. O-O-O Rf8 24. Be2 hxg5 25. Rxd6 Nf6 26. h4 gxh4 27.
Rd4 Re8 28. Bd3 Re3 29. Kd2 Rh3 30. Rd8+ Kg7 31. Rb8 Rxh2+ 32. Ke3 Rxa2 33.
Rxb7+ Kh6 34. Bf5 Kg5 35. Bc8 a5 36. Rg7+ Kh5 37. Rc7 a4 38. Rxc6 Ng4+ 39. Kd4
Rd2+ 40. Kc5 a3 41. Ra6 a2 42. Ra5 h3 43. Kb4+ Kh4 44. Kb3 h2 45. Bb7 Rd7 46.
Ba8 Rd8 47. Rxa2 Rb8+ 48. Kc2 Kg3 49. Bh1 Rc8 50. Kb3 Ne3 51. Ra7 Rb8+ 52. Ka2
Nxc4 53. Rg7+ Kf4 54. Rg2 Rh8 55. Kb3 Ne3 56. Rf2+ Kg4 57. c4 Rb8+ 58. Ka4 Rb1
59. Rxh2 Nxc4 1/2-1/2

[Event "Ottawa Closed reserves 1996-97"]
[Site "Ottawa CAN"]
[Date "1997.01.26"]
[Round "10"]
[White "Pacey, Kevin"]
[Black "Cote, Jacques"]
[Result "1-0"]
[WhiteElo "2222"]
[BlackElo "2166"]
[PlyCount "78"]
[EventDate "1996.11.18"]
[EventType "tourn"]
[EventRounds "12"]
[EventCountry "CAN"]

1. e4 c5 2. Nf3 d6 3. d4 cxd4 4. Nxd4 Nf6 5. Nc3 g6 6. Be3 Bg7 7. Be2 Nc6 8. h4
h5 9. f3 Ne5 10. Qd2 Bd7 11. O-O-O Rc8 12. Kb1 Nc4 13. Bxc4 Rxc4 14. Qd3 Qc8
15. Nde2 b5 16. Bd4 Qb7 17. e5 Bf5 18. exf6 Bxd3 19. cxd3 Rc8 20. fxg7 Rg8 21.
Rhe1 b4 22. Ne4 f5 23. Ng5 e5 24. Nc1 Rxg7 25. f4 Re7 26. fxe5 dxe5 27. Bxe5
Qxg2 28. d4 Kd7 29. Nd3 Qc2+ 30. Ka1 Rc6 31. Nxb4 Qf2 32. Nxc6 Kxc6 33. Rc1+
Kb7 34. Rh1 Qg2 35. Rh2 Qg4 36. Rh3 a5 37. Rb3+ Ka7 38. Bb8+ Ka8 39. Bd6 Rb7
1-0

[Event "Ottawa Closed reserves 1996-97"]
[Site "Ottawa CAN"]
[Date "1997.02.10"]
[Round "12"]
[White "Gordon, David"]
[Black "Pacey, Kevin"]
[Result "0-1"]
[WhiteElo "2243"]
[BlackElo "2222"]
[PlyCount "62"]
[EventDate "1996.11.18"]
[EventType "tourn"]
[EventRounds "12"]
[EventCountry "CAN"]

1. d4 Nc6 2. e4 d5 3. Nc3 e5 4. Bb5 dxe4 5. d5 a6 6. Ba4 b5 7. Nxb5 axb5 8.
Bxb5 Nge7 9. Bg5 f6 10. Be3 Rb8 11. Ba4 Rb4 12. c3 Rxa4 13. Qxa4 Qxd5 14. Ne2
Be6 15. O-O Qc4 16. Qa8+ Kf7 17. Rfe1 Qb5 18. b3 g6 19. c4 Qa5 20. Qxa5 Nxa5
21. Nc3 f5 22. Nb5 Nec6 23. Nxc7 Nd4 24. Rad1 Nac6 25. f3 Nc2 26. Nxe6 Kxe6 27.
fxe4 Nxe3 28. exf5+ gxf5 29. Rd3 Bc5 30. Kh1 f4 31. g3 e4 0-1

[Event "Ottawa op U1850"]
[Site "Ottawa CAN"]
[Date "1996.09.14"]
[Round "3"]
[White "Myers, Leo"]
[Black "Danis, Jacques"]
[Result "1-0"]
[WhiteElo "1775"]
[BlackElo "1671"]
[PlyCount "45"]
[EventDate "1996.09.14"]
[EventType "swiss"]
[EventRounds "5"]
[EventCountry "CAN"]

1. e4 b6 2. d4 Bb7 3. Nc3 e6 4. Nf3 Bb4 5. Bd3 d5 6. e5 Ne7 7. O-O Bxc3 8. bxc3
c5 9. Bb5+ Nbc6 10. c4 O-O 11. dxc5 bxc5 12. cxd5 exd5 13. Bg5 Qc7 14. Re1 h6
15. Bh4 a6 16. Ba4 Na5 17. Bg3 Qd8 18. e6 f6 19. Bd7 Bc6 20. Bd6 Bxd7 21. exd7
Rf7 22. Bxe7 Rxe7 23. Qxd5+ 1-0

[Event "Ottawa op U2150"]
[Site "Ottawa CAN"]
[Date "1996.09.14"]
[Round "1"]
[White "Veltmann, Alfred"]
[Black "Rodgers, Ron"]
[Result "1/2-1/2"]
[WhiteElo "1881"]
[BlackElo "1947"]
[PlyCount "105"]
[EventDate "1996.09.14"]
[EventType "swiss"]
[EventRounds "5"]
[EventCountry "CAN"]

1. e4 c6 2. d4 d5 3. exd5 cxd5 4. Nf3 Nc6 5. Bd3 Bg4 6. c3 e6 7. h3 Bh5 8. Nbd2
Nf6 9. Qb3 Qc7 10. O-O Be7 11. Re1 O-O 12. Re3 a6 13. g4 Bg6 14. Bxg6 hxg6 15.
Ne5 Nxe5 16. Rxe5 Rab8 17. Re2 b5 18. Nf1 b4 19. f3 Rfc8 20. Rc2 bxc3 21. Qxc3
Qxc3 22. Rxc3 Rxc3 23. bxc3 Ne8 24. Kf2 Nd6 25. Ke2 Kf8 26. Kd3 Ke8 27. Kc2 Nc4
28. Rb1 Na3+ 29. Bxa3 Rxb1 30. Kxb1 Bxa3 31. Kc2 Kd7 32. Nd2 Kc6 33. Kb3 Bc1
34. Nb1 Be3 35. Na3 g5 36. Nc2 Bf2 37. Nb4+ Kb5 38. a4+ Kb6 39. Nd3 Bg3 40. Nc5
Bd6 41. Nd3 f6 42. Nb4 a5 43. Nd3 Bg3 44. Kc2 e5 45. Kd2 Kc6 46. Ke2 exd4 47.
cxd4 Bc7 48. Nc5 Bb6 49. Nb3 Kd6 50. Kf2 Ke6 51. Ke3 g6 52. Kf2 f5 53. Ke3
1/2-1/2

[Event "Ottawa op U2150"]
[Site "Ottawa CAN"]
[Date "1996.09.14"]
[Round "2"]
[White "Chobanov, Gabriel"]
[Black "Veltmann, Alfred"]
[Result "1-0"]
[WhiteElo "1946"]
[BlackElo "1881"]
[PlyCount "83"]
[EventDate "1996.09.14"]
[EventType "swiss"]
[EventRounds "5"]
[EventCountry "CAN"]

1. d4 Nf6 2. c4 g6 3. Nf3 Bg7 4. Nc3 O-O 5. e4 d6 6. Be2 c5 7. d5 e6 8. O-O
exd5 9. exd5 Na6 10. h3 h5 11. Bg5 Bf5 12. Qd2 Qc8 13. Nh4 Re8 14. Nxf5 Qxf5
15. Bd3 Qd7 16. a3 Nh7 17. Be3 Nc7 18. Rab1 Rab8 19. b4 b6 20. Ne4 f5 21. Nc3
Nf6 22. f3 Nh7 23. Bf4 cxb4 24. Rxb4 Bd4+ 25. Kh1 Bc5 26. Rb3 a5 27. a4 Re7 28.
Bg5 Nxg5 29. Qxg5 Kg7 30. Ne4 fxe4 31. Bxe4 Qe8 32. Bxg6 Re5 33. Bf5+ Kf8 34.
f4 Re3 35. Rxe3 Bxe3 36. Bg6 Qe7 37. Qh6+ Qg7 38. Qxh5 Qf6 39. g4 Bd4 40. g5
Qh8 41. Qg4 Rd8 42. Qf5+ 1-0

[Event "Ottawa op U2150"]
[Site "Ottawa CAN"]
[Date "1996.09.14"]
[Round "3"]
[White "Veltmann, Alfred"]
[Black "Arseneau, Peter"]
[Result "1/2-1/2"]
[WhiteElo "1881"]
[BlackElo "1907"]
[PlyCount "70"]
[EventDate "1996.09.14"]
[EventType "swiss"]
[EventRounds "5"]
[EventCountry "CAN"]

1. e4 e5 2. Nf3 Nc6 3. Bb5 a6 4. Ba4 Nf6 5. O-O Be7 6. Re1 b5 7. Bb3 O-O 8. c3
d5 9. exd5 Nxd5 10. Nxe5 Nxe5 11. Rxe5 c6 12. d4 Bd6 13. Re1 Qh4 14. g3 Qh3 15.
Qd3 Bf5 16. Qf1 Rae8 17. Be3 Qh5 18. Nd2 Re6 19. Bxd5 cxd5 20. a4 Bh3 21. Qe2
Qg6 22. axb5 axb5 23. Qf3 f5 24. Bf4 Rfe8 25. Be5 Qg5 26. Qe3 f4 27. Qf3 Bxe5
28. dxe5 Rxe5 29. Rxe5 Qxe5 30. Qd3 fxg3 31. hxg3 Bd7 32. Nf3 Qh5 33. Nd4 h6
34. Qf3 Bg4 35. Qg2 Rf8 1/2-1/2

[Event "Ottawa op U2150"]
[Site "Ottawa CAN"]
[Date "1996.09.15"]
[Round "4"]
[White "Laurin, Jacques"]
[Black "Veltmann, Alfred"]
[Result "0-1"]
[WhiteElo "1937"]
[BlackElo "1881"]
[Annotator ",Hugh"]
[PlyCount "73"]
[EventDate "1996.09.14"]
[EventType "swiss"]
[EventRounds "5"]
[EventCountry "CAN"]

1. c4 Nf6 2. d4 g6 3. Nc3 Bg7 4. e4 d6 5. Bg5 O-O 6. Qd2 e5 7. d5 Nbd7 8. Bh6
Ng4 9. Bxg7 Kxg7 10. Be2 Ngf6 11. h4 h6 12. g4 Nh7 13. Bf3 a6 14. Nge2 Nb6 15.
b3 g5 16. O-O-O gxh4 17. Ng3 Qg5 18. Rxh4 Qxd2+ 19. Kxd2 Ng5 20. Be2 Bd7 21.
Nh5+ Kg6 22. f4 exf4 23. Nxf4+ Kg7 24. Rdh1 Rh8 25. Nh5+ Kf8 26. Nf6 Kg7 27.
Bd3 Rad8 28. Ne2 Bc8 29. Ng3 Nd7 30. Nfh5+ Kf8 31. Nf4 Ne5 32. Be2 Ke7 33. Kc2
Rh7 34. Nf5+ Bxf5 35. exf5 Rg8 36. Nh5 f6 37. Nf4 {etc.} 0-1

[Event "Ottawa op U2150"]
[Site "Ottawa CAN"]
[Date "1996.09.15"]
[Round "5"]
[White "Laszlo, Robert"]
[Black "Veltmann, Alfred"]
[Result "1-0"]
[WhiteElo "1909"]
[BlackElo "1881"]
[PlyCount "42"]
[EventDate "1996.09.14"]
[EventType "swiss"]
[EventRounds "5"]
[EventCountry "CAN"]

1. e4 e5 2. Nf3 Nc6 3. Bb5 a6 4. Ba4 Nf6 5. O-O b5 6. Bb3 Be7 7. Re1 O-O 8. a4
Bb7 9. axb5 axb5 10. Rxa8 Bxa8 11. d3 d6 12. Nbd2 g6 13. Nf1 Kg7 14. Bd2 Rh8
15. Ng5 Rf8 16. Bxf7 Qb8 17. Bb3 Nd4 18. c3 Nxb3 19. Qxb3 d5 20. Ne6+ Kh8 21.
Nxf8 Bxf8 1-0

[Event "Outaouais op"]
[Site "Hull CAN"]
[Date "1996.11.22"]
[Round "1"]
[White "Allen, Graham"]
[Black "Berube, Richard"]
[Result "0-1"]
[WhiteElo "2100"]
[BlackElo "2330"]
[PlyCount "74"]
[EventDate "1996.11.21"]
[EventType "swiss"]
[EventRounds "5"]
[EventCountry "CAN"]

1. d4 Nf6 2. c4 g6 3. Nc3 Bg7 4. e4 O-O 5. Nf3 d6 6. Be2 e5 7. dxe5 dxe5 8.
Qxd8 Rxd8 9. Bg5 c6 10. Nxe5 Re8 11. O-O-O Na6 12. f4 h6 13. Bh4 g5 14. fxg5
hxg5 15. Bg3 Nc5 16. Nxf7 Kxf7 17. e5 Ng4 18. h3 Nh6 19. Bh5+ Ke7 20. Bxe8 Kxe8
21. Bf2 Ne6 22. Rhe1 Nf7 23. Ne4 Ke7 24. Nd6 Nxd6 25. exd6+ Kd7 26. c5 b6 27.
Rxe6 Kxe6 28. Re1+ Kf7 29. Re7+ Kf8 30. Rc7 Bf5 31. Rxc6 bxc5 32. Bxc5 Ke8 33.
Rc7 Bf6 34. g4 Be4 35. Bxa7 Kd8 36. a3 Be5 37. Bb6 Rc8 0-1

[Event "Outaouais op"]
[Site "Hull CAN"]
[Date "1996.11.22"]
[Round "2"]
[White "Arsenault, Michel"]
[Black "Gagnon, Fabien"]
[Result "0-1"]
[WhiteElo "1779"]
[BlackElo "2014"]
[PlyCount "68"]
[EventDate "1996.11.21"]
[EventType "swiss"]
[EventRounds "5"]
[EventCountry "CAN"]

1. f4 d5 2. Nf3 c5 3. e3 g6 4. Bb5+ Bd7 5. Qe2 Nc6 6. O-O Bg7 7. d3 Nf6 8. Bxc6
bxc6 9. e4 O-O 10. c4 Bg4 11. Nc3 e6 12. e5 Nd7 13. b3 f6 14. Qe1 Bxf3 15. exf6
Qxf6 16. Rxf3 Qxc3 17. Qxe6+ Kh8 18. Rb1 Rae8 19. Qxd7 Qe1+ 20. Rf1 Bd4+ 21.
Be3 Qxe3+ 22. Kh1 Qe6 23. Qxa7 Ra8 24. Qc7 Rxa2 25. b4 Qe2 26. Rg1 Bxg1 27.
Rxg1 Qe6 28. b5 cxb5 29. cxb5 Rc8 30. Qb7 Rca8 31. h3 Ra1 32. Kh2 R1a7 33. Qc6
Qxc6 34. bxc6 Rc7 0-1

[Event "Outaouais op"]
[Site "Hull CAN"]
[Date "1996.11.23"]
[Round "2"]
[White "Berube, Richard"]
[Black "Taylor, Gordon"]
[Result "1-0"]
[WhiteElo "2330"]
[BlackElo "2329"]
[PlyCount "97"]
[EventDate "1996.11.21"]
[EventType "swiss"]
[EventRounds "5"]
[EventCountry "CAN"]

1. e4 c5 2. Nf3 Nc6 3. d4 cxd4 4. Nxd4 g6 5. Nc3 Bg7 6. Be3 Nf6 7. Bc4 Qa5 8.
O-O O-O 9. Bb3 d6 10. h3 Bd7 11. Kh1 Nxd4 12. Bxd4 Bc6 13. Qe2 e5 14. Be3 Nxe4
15. Nxe4 Bxe4 16. Bd2 Bxg2+ 17. Kxg2 Qb6 18. Rad1 Qc6+ 19. Kh2 d5 20. c3 Kh8
21. Bg5 d4 22. cxd4 exd4 23. Bf4 Qf6 24. Qd2 Rad8 25. Bh6 Bxh6 26. Qxh6 Rfe8
27. Qd2 Re4 28. Rde1 Rde8 29. Rxe4 Rxe4 30. Qd3 Rf4 31. Qg3 Kg7 32. Bd5 b6 33.
Bg2 h5 34. Kg1 h4 35. Qd3 g5 36. f3 Qe5 37. Rf2 Qe1+ 38. Qf1 Qa5 39. a3 Qc5 40.
Rd2 a5 41. Qf2 Qc1+ 42. Bf1 Qc5 43. Bd3 Qc1+ 44. Kg2 Qc5 45. Re2 Qd6 46. Re4
Rxe4 47. fxe4 Qe5 48. Qf3 f6 49. Kf1 1-0

[Event "Outaouais op"]
[Site "Hull CAN"]
[Date "1996.11.22"]
[Round "3"]
[White "Gagnon, Fabien"]
[Black "Saleh, Maher"]
[Result "1-0"]
[WhiteElo "2014"]
[BlackElo "2214"]
[PlyCount "67"]
[EventDate "1996.11.21"]
[EventType "swiss"]
[EventRounds "5"]
[EventCountry "CAN"]

1. d4 Nf6 2. Nf3 g6 3. c4 Bg7 4. Nc3 d5 5. cxd5 Nxd5 6. e4 Nxc3 7. bxc3 O-O 8.
Be2 c5 9. O-O cxd4 10. cxd4 Nc6 11. Be3 Bg4 12. d5 Bxf3 13. Bxf3 Bxa1 14. Qxa1
Na5 15. Bh6 f6 16. Bxf8 Kxf8 17. e5 Nc4 18. exf6 exf6 19. Rd1 Nd6 20. g4 g5 21.
Re1 Kg7 22. Re6 Qf8 23. Qc3 Rc8 24. Qb4 Rd8 25. Qc5 a6 26. Qc7+ Kg8 27. Be2 b5
28. Bd3 Nf7 29. Be4 Qb4 30. Re7 h5 31. h3 hxg4 32. hxg4 Qe1+ 33. Kg2 Qd1 34.
Bf3 1-0

[Event "Outaouais op"]
[Site "Hull CAN"]
[Date "1996.11.23"]
[Round "4"]
[White "Awate, Avinash"]
[Black "Gagnon, Fabien"]
[Result "1-0"]
[WhiteElo "2231"]
[BlackElo "2014"]
[PlyCount "97"]
[EventDate "1996.11.21"]
[EventType "swiss"]
[EventRounds "5"]
[EventCountry "CAN"]

1. e4 e6 2. d3 d5 3. Nd2 c5 4. Ngf3 Nc6 5. g3 Nf6 6. Bg2 Be7 7. O-O O-O 8. Re1
dxe4 9. dxe4 Qc7 10. c3 e5 11. Nh4 Re8 12. Nc4 Bg4 13. Qc2 Be6 14. Ne3 Rad8 15.
Nhf5 Bf8 16. g4 g6 17. g5 Nh5 18. Nd5 Qc8 19. Ng3 Bxd5 20. Nxh5 gxh5 21. exd5
Ne7 22. c4 Ng6 23. Be4 Qg4+ 24. Kh1 Nh4 25. Qd3 Bd6 26. Rg1 Qd7 27. Bxh7+ Kh8
28. Be4 Rg8 29. Qg3 Ng6 30. Qf3 Kg7 31. Qf6+ Kh7 32. Be3 Rgf8 33. Qf3 Kg7 34.
Qxh5 Rh8 35. Qg4 Qe7 36. f3 Rh4 37. Qg3 Rdh8 38. Rg2 Qd7 39. Rd2 Rh3 40. Qg1 b6
41. a3 Qa4 42. Rc1 Nh4 43. Qg4 Ng6 44. Qf5 Be7 45. d6 Bd8 46. d7 Qb3 47. Bd5 f6
48. gxf6+ Bxf6 49. Rg1 1-0

[Event "Outaouais op"]
[Site "Hull CAN"]
[Date "1996.11.23"]
[Round "5"]
[White "Awate, Avinash"]
[Black "Berube, Richard"]
[Result "1-0"]
[WhiteElo "2231"]
[BlackElo "2330"]
[PlyCount "123"]
[EventDate "1996.11.21"]
[EventType "swiss"]
[EventRounds "5"]
[EventCountry "CAN"]

1. e4 c5 2. f4 d5 3. Bb5+ Bd7 4. Bxd7+ Qxd7 5. exd5 Qxd5 6. Nf3 Nf6 7. O-O e6
8. Nc3 Qd8 9. Qe2 Be7 10. Qb5+ Qd7 11. Ne5 Qxb5 12. Nxb5 Na6 13. d3 O-O 14. Bd2
Rfd8 15. c4 Nb4 16. Rf3 a6 17. Na3 Nd7 18. Bxb4 cxb4 19. Nc2 Rac8 20. Kf1 b5
21. b3 Bf6 22. Re1 a5 23. Nxd7 Rxd7 24. Re4 bxc4 25. Rxc4 Ra8 26. Ke2 Kf8 27.
d4 Rad8 28. Rd3 h6 29. Rc5 Rd5 30. Rxd5 exd5 31. Ne3 g6 32. Rd2 Re8 33. Kf3 Rd8
34. Ke2 Re8 35. Kd3 Re4 36. Nxd5 Rxd4+ 37. Ke3 Rxd2 38. Kxd2 Bd8 39. Kd3 Ke8
40. Ke4 Kd7 41. Ke5 Kc6 42. g4 Kc5 43. f5 gxf5 44. gxf5 Bg5 45. Nf6 Kc6 46. Ne4
Bd8 47. h3 Bh4 48. Nd2 Kc5 49. Nf3 Bd8 50. f6 Bc7+ 51. Kf5 Kd5 52. h4 Bd6 53.
h5 Bf8 54. Ne5 Kd4 55. Nxf7 Kc3 56. Ne5 Kb2 57. Nc4+ Kxa2 58. Nxa5 Kb2 59. Kg6
Kc3 60. Kf7 Bc5 61. Kg7 Bd4 62. Kg6 1-0

[Event "Outaouais op"]
[Site "Hull CAN"]
[Date "1996.11.23"]
[Round "5"]
[White "Gagnon, Fabien"]
[Black "Ferguson, Peter"]
[Result "0-1"]
[WhiteElo "2014"]
[BlackElo "2185"]
[PlyCount "50"]
[EventDate "1996.11.21"]
[EventType "swiss"]
[EventRounds "5"]
[EventCountry "CAN"]

1. d4 f5 2. c4 g6 3. g3 Bg7 4. Nc3 Nf6 5. Bg2 O-O 6. e4 fxe4 7. Nxe4 Nc6 8. Ne2
e5 9. d5 Nd4 10. Bg5 Qe8 11. Bxf6 Bxf6 12. O-O Bg7 13. f4 d6 14. h3 Nf5 15. Qd2
exf4 16. Nxf4 Qe5 17. Rf2 Qd4 18. Kh2 Qxd2 19. Rxd2 Be5 20. Ne2 Ne3 21. Rc1 Bf5
22. Ng5 h6 23. Ne6 Bxe6 24. dxe6 Rf2 25. Rg1 Rxg2+ 0-1